ARRUPE JESUIT UNIVERSITY

CORONAVIRUS -STOP THE SPREAD - CLEAN,DISINFECT,COVER

Luther (Record no. 123185)

MARC details
000 -LEADER
fixed length control field 00426nam a22001577a 4500
008 - FIXED-LENGTH DATA ELEMENTS--GENERAL INFORMATION
fixed length control field 150828b xxu||||| |||| 00| 0 eng d
020 ## - INTERNATIONAL STANDARD BOOK NUMBER
International Standard Book Number 9780415109321
050 ## - LIBRARY OF CONGRESS CALL NUMBER
Classification number BR334.2.M958
100 ## - MAIN ENTRY--PERSONAL NAME
Personal name Mullett Michael
9 (RLIN) 19163
245 ## - TITLE STATEMENT
Title Luther
Statement of responsibility, etc /by Michael Mullett
260 ## - PUBLICATION, DISTRIBUTION, ETC. (IMPRINT)
Place of publication, distribution, etc London
Name of publisher, distributor, etc Routledge
Date of publication, distribution, etc 1986
300 ## - PHYSICAL DESCRIPTION
Extent 54p. ;
Dimensions 22cm.
440 ## - SERIES STATEMENT/ADDED ENTRY--TITLE
Title Lancaster pamphlets
9 (RLIN) 6010
650 ## - SUBJECT ADDED ENTRY--TOPICAL TERM
Source of heading or term Luther, Martin
942 ## - ADDED ENTRY ELEMENTS (KOHA)
Source of classification or shelving scheme Library of Congress Classification
Item type Monograph ( Printed materials)
Holdings
Withdrawn status Lost status Source of classification or shelving scheme Damaged status Not for loan Collection code Home library Current library Shelving location Date acquired Total Checkouts Full call number Barcode Date last seen Price effective from Koha item type
    Library of Congress Classification     Main Collection ARRUPE LIBRARY ARRUPE LIBRARY Main Collection 28/08/2015   BR334.2.M958 46500004065 28/08/2015 28/08/2015 Monograph ( Printed materials)

 

Arrupe Library. PO Box MP320 Mt Pleasant, Harare, Zimbabwe
263 242 745411|librarian@aju.ac.zw